Epidemiolgical study of anthrax in the kingdom of cambodia, ការសិក្សាអំពីការរាតត្បាតនៃជំងឺឈាមខ្មៅនៅព្រះរាជាណាចក្រកម្ពុជា (Record no. 1890)
[ view plain ]
| 000 -LEADER | |
|---|---|
| fixed length control field | 00601nam a22001577a 4500 |
| 003 - CONTROL NUMBER IDENTIFIER | |
| control field | OSt |
| 005 - DATE AND TIME OF LATEST TRANSACTION | |
| control field | 20151004104913.0 |
| 008 - FIXED-LENGTH DATA ELEMENTS--GENERAL INFORMATION | |
| fixed length control field | 151004b xxu||||| |||| 00| 0 eng d |
| 040 ## - CATALOGING SOURCE | |
| Transcribing agency | RUA |
| 082 ## - DEWEY DECIMAL CLASSIFICATION NUMBER | |
| Classification number | AVM SIM 2001 B072 Or.1 |
| 100 ## - MAIN ENTRY--PERSONAL NAME | |
| 9 (RLIN) | 2000 |
| Personal name | SIM, SITH. |
| 245 ## - TITLE STATEMENT | |
| Title | Epidemiolgical study of anthrax in the kingdom of cambodia, ការសិក្សាអំពីការរាតត្បាតនៃជំងឺឈាមខ្មៅនៅព្រះរាជាណាចក្រកម្ពុជា |
| 260 ## - PUBLICATION, DISTRIBUTION, ETC. (IMPRINT) | |
| Place of publication, distribution, etc. | Phnom Penh |
| Name of publisher, distributor, etc. | RUA |
| Date of publication, distribution, etc. | 2001 |
| 300 ## - PHYSICAL DESCRIPTION | |
| Extent | v; 50p. |
| Other physical details | ill. |
| Dimensions | 29cm. |
| 942 ## - ADDED ENTRY ELEMENTS (KOHA) | |
| Source of classification or shelving scheme | |
| Koha item type | AVM |
| Price effective from | Date last seen | Permanent Location | Not for loan | Date acquired | Source of classification or shelving scheme | Koha item type | Lost status | Withdrawn status | Date last checked out | Total Checkouts | Shelving location | Damaged status | Barcode | Current Location | Full call number |
|---|---|---|---|---|---|---|---|---|---|---|---|---|---|---|---|
| 2015-10-04 | 2015-10-04 | Library Block B | 2015-10-04 | AVM | B072 | RUA017206 | Library Block B | AVM SIM 2001 B072 Or.1 | |||||||
| 2015-10-04 | 2015-10-04 | Library Block B | 2015-10-04 | AVM | B072 | RUA017387 | Library Block B | AVM SIM 2001 B072 Or.2 | |||||||
| 2015-10-04 | 2022-06-07 | Library Block B | 2015-10-04 | AVM | 2022-05-27 | 2 | B072 | RUA016980 | Library Block B | AVM SIM 2001 B072 Or.3 | |||||
| 2015-10-04 | 2015-10-04 | Library Block B | 2015-10-04 | AVM | B072 | RUA017458 | Library Block B | AVM SIM 2001 B072 Or.4 | |||||||
| 2015-10-04 | 2015-10-04 | Library Block B | 2015-10-04 | AVM | B072 | RUA016715 | Library Block B | AVM SIM 2001 B072 Or.5 | |||||||
| 2015-10-04 | 2015-10-04 | Library Block B | 2015-10-04 | AVM | B072 | RUA017162 | Library Block B | AVM SIM 2001 B072 Or.6 |